000 00437cam a22001337a 4500
008 180718b1995 xxu||||| |||| 00| 0 eng d
082 _aAPPPA 94-95 AGR
100 _aAgrawal, D.K.
245 _aRestructuring of dot in the light of national telecom policy 1994
_cby D.K. Agrawal
260 _aNew Delhi
_bIndian Institute of Public Administration
_c1995
300 _av.p.
650 _aAPPPA
650 _aTelecommunication Policy - India
999 _c481078
_d481078